Geography Quiz

Random Geography or World Quiz

World Landmarks by Country II Quiz Stats

 Plays Quiz Updated May 5, 2015

Challenge
Share
Tweet
Embed
Score 0/40 Timer 10:00
1 Play Today
% Correct
Eiffel Tower
98.5%
Arc de Triomphe
96.1%
Louvre
95.5%
Notre Dame de Paris
95.4%
Sydney Opera House
93.7%
Great Sphinx of Giza
93%
Itsukushima Shrine
92.9%
Mount Fuji
92.3%
Great Barrier Reef
92%
Machu Picchu
91.4%
Pyramid of Khufu
91.1%
Guinness Brewery
90%
Blarney Castle
89.4%
Himeji Castle
88%
Cape of Good Hope
87.5%
Mandela House
87.3%
Sagrada Família
87%
Apartheid Museum
85.9%
El Escorial
84%
Mont Saint-Michel
84%
% Correct
Casa Mila
83%
Great Buddha of Kamakura
82.1%
Cuzco
80.8%
Uluru (Ayers Rock)
80.7%
St Stephen's Green
80.5%
Lake Titicaca
78.9%
Luxor Temple
78.4%
Nazca Lines
75.7%
Aqueduct of Segovia
74.6%
Alhambra
74.5%
Golden Pavilion Temple
73.9%
Great Ocean Road
72.5%
Abu Simbel
72.4%
Cliffs of Moher
71.7%
Kruger National Park
71.4%
Robben Island
63.1%
Newgrange
60.6%
Chavín de Huántar
60.3%
Karnak
59.2%
Lord Howe Island
58.7%

You're not logged in!

Compare scores with friends on all Sporcle quizzes.
OR
Log In

You Might Also Like...

Show Comments

Extras

Top Quizzes Today


Score Distribution

Your Account Isn't Verified!

In order to create a playlist on Sporcle, you need to verify the email address you used during registration. Go to your Sporcle Settings to finish the process.

Report this User

Report this user for behavior that violates our Community Guidelines.

Details: